| 000 | 00318nam a22001097a 4500 | ||
|---|---|---|---|
| 082 | _a621.3192 FRO'S | ||
| 100 |
_aSOLYMAR, L _940040 |
||
| 245 | _aFROM CIRCUITS TO COMPUTERS A REVIEW OF THE PRINCIPLES OF ELECTRICAL AND ELECTRONIC ENGINEERING | ||
| 260 |
_aLONDON _bCHAPMAN & HALL _c1974 |
||
| 300 | _a184P | ||
| 942 | _cBK | ||
| 999 |
_c583350 _d583350 |
||